| 000 | nam a22 a 4500 | ||
|---|---|---|---|
| 999 |
_c167784 _d167784 |
||
| 003 | BLK | ||
| 005 | 20221107132117.0 | ||
| 008 | 180411b bul|||||r ||||||| ||bul|| | ||
| 010 | _aKNG00175623000 | ||
| 040 | _aBLK | ||
| 041 |
_aBUL _cBUL |
||
| 080 |
_aБългарска литература _b821.163.2 _x-312.9 _z821.163.2-312.9 |
||
| 100 | 1 |
_aЗлатаров, Светозар Асенов _eпърви автор _9367266 |
|
| 139 |
_aЗлатаров, Светозар Асенов _bЗ 70 |
||
| 245 | 1 | 0 |
_aАндроника _bНауч.-фантаст. роман _cСветозар Асенов Златаров; худож. Стоян Шиндаров. |
| 257 | _aBGR | ||
| 260 |
_bНар. младеж _c1977 _aСофия |
||
| 300 |
_a138 с. _bс ил. _c21 см |
||
| 380 | _aX | ||
| 490 |
_aБиблиотека Приключения и научна фантастика _v131 _9204436 |
||
| 500 | _aАвт. не е отбелязан на кор. | ||
| 653 | _aфантастика | ||
| 653 | _aромани | ||
| 700 | 1 |
_aШиндаров, Стоян _eхудож. _9379678 |
|
| 852 | _aЦб 89567 | ||
| 856 | 4 |
_qpdf _i0.00 _ldisable |
|
| 856 | 4 |
_qpdf _i0.00 _ldisable |
|
| 942 |
_cKNG _n0 _s1 |
||
| 944 |
_aCR _c21.05.2015 _lф / _kЛюдмила_Стоянова |
||
| 944 |
_aED _c12.09.2017 _lф / _kПенка_Димитрова |
||
| 999 | _d167784 | ||